000 00324nam a22001337a 4500
005 20240705121758.0
008 240705b |||||||| |||| 00| 0 eng d
041 _aeng
100 _aTATIYA, RAMESHWAR
_98433
245 _aBHULE NA BHULAYE
260 _aKOLKATA
_bRAMESHWAR TATIYA SMRITI NYAS
300 _a160;p
942 _cBK
999 _c8534
_d8532